000 00772nam a2200253Ia 4500
003 OSt
005 20220918175139.0
006 a|||||r|||| 00| 0
007 ta
008 220917b |||||||| |||| 00| 0 eng d
024 _a15,907
037 _cTextual
040 _aARTS
_cARTS
_beng
041 _2eng
_aeng
082 _aO:g(S5), J8 (EO) -;1-;2 (MPhil) (O)
100 _aLewis C S
_912404
245 0 _aAllegory of love
_b A study in medieval tradition
260 _aLondon
_bOxford University Press
_c1971
300 _a378p.
_ccm.
500 _aAppendix (361-366p) I-Genius and genius 2-Danger
650 _aENGLISH LITERATURE
942 _hO:g(S5), J8 (EO) -;1-;2 (MPhil) (O)
_cTEXL
_2CC
999 _c156298
_d156298